书目信息 |
| 题名: |
石城灯彩
|
|
| 作者: | ;石城灯彩编撰委员会 编 | |
| 分册: | ||
| 出版信息: | 南昌 江西人民出版社 2010.07 |
|
| 页数: | 203页, [8] 页图版 | |
| 开本: | 24cm | |
| 丛书名: | ||
| 单 册: | ||
| 中图分类: | J528.7 | |
| 科图分类: | ||
| 主题词: | 灯彩--deng cai--简介--石城县 | |
| 电子资源: | ||
| ISBN: | 978-7-210-04559-5 | |
| 000 | 00959nam0 2200229 450 | |
| 001 | 012011137156 | |
| 005 | 20111117160944.68 | |
| 010 | @a978-7-210-04559-5@dCNY39.00 | |
| 100 | @a20111117d2010 em y0chiy0120 ea | |
| 101 | 0 | @achi |
| 102 | @aCN@b360000 | |
| 105 | @aaf z 000yy | |
| 106 | @ar | |
| 200 | 1 | @a石城灯彩@Ashi cheng deng cai@f《石城灯彩》编撰委员会编@F《shi cheng deng cai》bian zhuan wei yuan hui bian |
| 210 | @a南昌@c江西人民出版社@d2010.07 | |
| 215 | @a203页, [8] 页图版@c图@d24cm | |
| 330 | @a本书以图文并茂的形式叙述了被列入国家非物质文化遗产名录的“石城灯彩”的起源、发展、特点,介绍了石城灯彩的灯具、音乐、舞蹈、表现形式等,并重点以手绘图的形式详解了十几种有代表性的灯彩的概况、音乐、造型服饰道具及动作、场记说明。 | |
| 606 | 0 | @a灯彩@Adeng cai@x简介@y石城县 |
| 690 | @aJ528.7@v4 | |
| 711 | 02 | @a石城灯彩编撰委员会@Ashi cheng deng cai bian zhuan wei yuan hui@4编 |
| 801 | 0 | @aCN@bQSSK@c20111117 |
| 905 | @b795321-23@dJ528.7@eS515@f3 | |
| 石城灯彩/《石城灯彩》编撰委员会编.-南昌:江西人民出版社,2010.07 |
| 203页, [8] 页图版:图;24cm |
| ISBN 978-7-210-04559-5:CNY39.00 |
| 本书以图文并茂的形式叙述了被列入国家非物质文化遗产名录的“石城灯彩”的起源、发展、特点,介绍了石城灯彩的灯具、音乐、舞蹈、表现形式等,并重点以手绘图的形式详解了十几种有代表性的灯彩的概况、音乐、造型服饰道具及动作、场记说明。 |
| ● |
| 相关链接 |
|
|
|
正题名:石城灯彩
索取号:J528.7/S515
 
预约/预借
| 序号 | 登录号 | 条形码 | 馆藏地/架位号 | 状态 | 备注 |
| 1 | 795321 | 207953213 | 社科库309/309社科库 89排3列1层/ [索取号:J528.7/S515] | 在馆 | |
| 2 | 795322 | 207953222 | 社科库309/309社科库 89排3列1层/ [索取号:J528.7/S515] | 在馆 | |
| 3 | 795323 | 207953231 | 社科库309/309社科库 89排3列1层/ [索取号:J528.7/S515] | 在馆 |